[Event "Wch Seniors 13th"]
[Site "Bad Zwischenahn"]
[Date "2003.??.??"]
[Round "?"]
[White "Bredendick, Franz"]
[Black "Nopp, Josef"]
[Result "1-0"]
[WhiteElo "1790"]
[BlackElo "1635"]
[PlyCount "77"]
[EventDate "2003.11.16"]
[EventType "swiss"]
[EventRounds "11"]
[EventCountry "GER"]
[SourceTitle "CBM 097 Extra"]
[Source "ChessBase"]
[SourceDate "2004.01.13"]
[SourceVersion "1"]
[SourceVersionDate "2004.01.13"]
[SourceQuality "1"]

1. e4 d6 2. d4 Nf6 3. Nc3 Nbd7 4. Nf3 e5 5. Bc4 h6 6. 0-0 Be7 7. Bb3 0-0 8. Be3 Ng4 9. Bc1 exd4 10. Nxd4 Nb6 11. h3 Ne5 12. a4 Bf6 13. f4 Ng6 14. Be3 Re8 15. Qh5 Nh8 16. Rad1 Qe7 17. a5 Bxd4 18. Bxd4 Nd7 19. Nd5 Qd8 20. e5 c6 21. Nf6+ gxf6 22. exf6 Re4 23. Qxh6 Qf8 24. Qg5+ Kh7 25. Qf5+ Kg8 26. Rf3 d5 27. Rg3+ Ng6 28. Rxg6+ fxg6 29. Qxg6+ Kh8 30. f5 Rxd4 31. Rxd4 Qxf6 32. Qh5+ Kg7 33. Rg4+ Kf8 34. Rg6 Qd4+ 35. Kh1 Nf6 36. Qh8+ Ke7 37. Qg7+ Kd6 38. c3 Qe5 39. Rxf6+ 1-0